000 00659nam a2200205Ii 4500
003 JO-AjNU
008 230605s9999||||xx |||||||||||||| ||und||
017 _a2006/2/209
020 _a9957-11-651-7
040 _aJO-AjNU
_bara
_erda
_cJO-AjNU
041 _aara
100 3 _aالخالدي ، اديب محمد,
_eauthor
_931374
245 0 0 _aمرجع علم النفس الاكلينكي المرضى
264 3 1 _aعمان:دار وائل للنشر ، 2006
300 _a530ص
336 _atext
_btxt
_2rdacontent
337 _aunmediated
_bn
_2rdamedia
338 _avolume
_bnc
_2rdacarrier
650 4 _aعلم النفس الاكلينكي
_931375
999 _aA12543
_c16111
_d16111